000 00914nam a2200265Ia 4500
003 OSt
005 20221005110700.0
006 a|||||r|||| 00| 0
007 ta
008 221004b |||||||| |||| 00| 0 hin d
020 _a9788126710867 (hbk)
_c650
024 _a23198
037 _b216, 16/11/2015, Eastern Book Linkers
_cTextual
040 _aCRL
_cCRL
_bhin
041 _2hin
_ahin
082 _aO152,3:g, Q2
100 _aराय, गोपाल
245 0 _aउपन्यास की संरचना
246 _aUpanyās kī sanrachanā
260 _aनई दिल्ली
_bराजकमल प्रकाशन भारत
_c2006
300 _a490पृ0
_ccm.
650 _aहिन्दी साहित्य
942 _hO152,3:g, Q2
_cTEXL
_2cc
999 _c1019575
_d1019575